00207nam a2200085Ia 4500008004100000041000800041100001500049245004800064260000900112230508s1994 xx 000 0 und d aeng aMICROSOFT. aMICROSOFT WINDOWS 3:1 GUIDE TO PROGRAMMERS. c1994